000 01244cam a2200265 4500
008 040426n2004 000 0 eng u
020 _a0406978808
035 _a(Sirsi) u125989
041 _aeng
050 _a346.4104343
_c18
100 _aBradford, Katie
245 _aButterworths business landlord and tenant handbook
250 _a3rd ed.
260 _aLondon
_bLexisNexis Butterworths
_c2004
300 _axv, 802p.
_c25cm.
350 _a62
520 _aProvides the current text of legislation (statutes and statutory instruments) relating to business and agricultural tenancies. This third edition includes significant amendments to the procedural provisions of the Landlord and Tenant Act 1954 Part II (relating to lease length, sub-letting, repairs, insurance and rents), which were introduced by the Regulatory Reform (Business Tenancies) (England and Wales) Order 2003.
650 _aREGULATORY REFORM (BUSINESS TENANCIES) (ENGLAND AND WALES) ORDER 2003
650 _aPROPERTY-LANDLORD AND TENANT-TENANCIES-AGRICULTURAL TENANCIES
650 _aLANDLORD AND TENANT ACT 1954 PART II
650 _aBUSINESS TENANCIES
690 _aLANDLORD AND TENANT-BUSINESS TENANCIES
700 _aMatthews, Paul
942 _n0
999 _c103542
_d103542